000 00494nam a2200181Ia 4500
001 13621
005 20260306164814.0
008 260306t1987||||xx |||||||||||||| ||spa||
041 _aESP
082 _a005.1
_bJ79M
100 _aJoyanes Aguilar, Luis
_eAUT
245 0 _aMetodología de la programación:
_bdiagramas de flujo, algoritmos y programación estructurada
260 _c1987
300 _a248 páginas :
_c23 cm.
650 _aGEN
654 _aCCC
942 _cLIB
_dJUS
_fJUS
_2ddc
_n
999 _c13621
_d13621